Statistics for Státy bez mezinárodního uznání

Click here to take the quiz!

General Stats

  • This quiz has been taken 40 times
    (13 since last reset)
  • The average score is 18 of 48

Answer Stats

KontinentTypStát% Correct
Evropačástečně uznanýKosovo
90%
Asieokupované územíPalestina
90%
Asieautonomní územíTchaj-wan
80%
Asiečlen OSNJižní Korea
70%
Asiečlen OSNArménie
60%
Evropaautonomní územíGrónsko
60%
Asieautonomní územíHongkong
60%
Asiečlen OSNIzrael
60%
Evropačlen OSNKypr
60%
Asiezvláštní správní oblastMacao
60%
Asiečlen OSNSeverní Korea
60%
Afrikačástečně uznanýZápadní Sahara
60%
Asiede facto státArcach
50%
Asiečlen OSNČína
50%
Evropaautonomní územíFaerské ostrovy
50%
Afrikapovstalecká organizaceSomaliland
50%
Asieautonomní územíAbcházie
40%
Evropaautonomní územíAruba
40%
Oceánieautonomní územíCookovy ostrovy
40%
Asieautonomní územíJižní Osetie
40%
Evropade facto státSeverokyperská turecká republika
40%
Evropaautonomní územíSvatý Martin
40%
Asieokupovaný státTibet
40%
Evropaautonomní územíAlandy
30%
Evropaautonomní územíCuracao
30%
Evropapovstalecká organizaceDoněcká lidová republika
30%
Asiepovstalecká organizaceIslámský emirát Afghánistán/Talibán
30%
Asie/Afrikapovstalecká organizaceIslámský stát
30%
Evropapovstalecká organizaceLuhanská lidová republika
30%
Oceánieautonomní územíNiue
30%
Oceánieautonomní územíNorfolk
30%
Evropade facto státPodněstří
30%
Evropaautonomní územíSaba
30%
Evropaautonomní územíSvatý Eustach
30%
Oceánieautonomní územíVelikonoční ostrov
30%
Evropaautonomní územíAzory
20%
Evropaautonomní územíBonaire
20%
Evropaautonomní územíKorsika
20%
Evropaautonomní územíKrym
20%
Evropapovstalecká organizaceKrym
20%
Asieautonomní územíAdžárie
10%
Asiesvazové teritoriumDžammú a Kašmír
10%
Asieautonomní územíIrácký Kurdistán
10%
Evropaautonomní územíMadeira
10%
Asiepovstalecká organizaceSyrská opozice
10%
Evropaautonomní územíGagauzsko
0%
Asieautonomní územíNachičevan
0%
Asieautonomní územíSyrský Kurdistán/Rojava
0%

Score Distribution

Percentile by Number Answered

Percent of People with Each Score

Your Score History

You have not taken this quiz since the last reset